000 00346nam a2200133 a 4500
008 960412s1958||||[C 0 slo c
040 _aSNK
_bslo
_cSNK
_eAACR2
041 1 _aslo
044 _axo
_cSK
245 1 0 _aSvetlo Sveta
_bČasopis venovaný vonkajšej missii. Roč.III.1915.
260 _aBratislava
_bSVKL
_c1958
020 _c8
958 _aE
999 _c11999
_d11999